Statystyki dla Mistrzowie Świata w darcie (PDC) w XXI wieku

Kliknij tutaj aby rozwiązać quiz!

Ogólne statystyki

  • Ten quiz został rozwiązany 49 razy
    (14 od ostatniego zresetowania)
  • Średni wynik to 21 z 24

Statystyki odpowiedzi

RokNarodowośćNazwisko% Poprawnych
2021WaliaGerwyn Price
100%
2019HolandiaMichael van Gerwen
100%
2014HolandiaMichael van Gerwen
100%
2022SzkocjaPeter Wright
100%
2020SzkocjaPeter Wright
100%
2001AngliaPhil Taylor
100%
2004AngliaPhil Taylor
100%
2005AngliaPhil Taylor
100%
2006AngliaPhil Taylor
100%
2009AngliaPhil Taylor
100%
2010AngliaPhil Taylor
100%
2002AngliaPhil Taylor
100%
2015SzkocjaGary Anderson
91%
2016SzkocjaGary Anderson
91%
2023AngliaMichael Smith
91%
2017HolandiaMichael van Gerwen
91%
2013AngliaPhil Taylor
91%
2018AngliaRob Cross
91%
2024AngliaLuke Humphries
82%
2012AngliaAdrian Lewis
73%
2011AngliaAdrian Lewis
73%
2007HolandiaRaymond van Barneveld
73%
2008KanadaJohn Part
36%
2003KanadaJohn Part
36%

Rozkład punktacji

Percentyl według liczby udzielonych odpowiedzi

Procent ludzi z każdym wynikiem

Twoja historia wyników

Nie rozwiązałeś tego quizu od ostatniego zresetowania